| 000 | 01134nam a22002537a 4500 | ||
|---|---|---|---|
| 003 | DO-SdBNP | ||
| 005 | 20220120143658.0 | ||
| 007 | ta | ||
| 008 | 220120b2017 aa||g |||| 001 0 spa d | ||
| 040 |
_aDO-SdBNP _bspa _cBNPHU |
||
| 082 | 4 |
_222 _a021.7 _bF356r |
|
| 111 | 1 | 0 |
_aFeria Internacional del Libro Santo Domingo _c(Santo Domingo, Rep. Dom. _d20016 : 19 septiembre - 02 octubre) _n(19ª : _980993 |
| 245 | 1 | 0 |
_aXIX Feria Internacional del Libro Santo Domingo 2016 : _bPrograma ; Tema: La diaspora dominicana / |
| 260 |
_aSanto Domingo : _bMinisterio de Cultura _bDirección General de la Feria del Libro, _c2016. |
||
| 300 |
_a210 p. : _bil. ; retrs. ; _c21 cm |
||
| 500 | _aDedicada a Salomé Ureña de Henríquez. | ||
| 501 | _aPaís invitado de honor : República Dominicana. | ||
| 590 | _aInventariado, 2022 / SA | ||
| 611 |
_aFeria internacional del Libro _c(19 : _d2016 _xProgramas _y2016 _zSanto Domingo, República Dominicana _980994 |
||
| 650 | 4 |
_aFeria del libro _y2016 _zRepública Dominicana _980995 |
|
| 650 | 4 |
_aFeria del libro _xProgramas _y2016 _zRepública Dominicana _980996 |
|
| 910 | _aSaquino | ||
| 942 |
_2ddc _cLBS1 |
||
| 999 |
_c51209 _d51209 |
||